Economia italiana

Bibliographic Details
Corporate Author: Banco di Roma
Format: Unknown
Language:Italian
Published: Roma : Banco di Roma,
Subjects:
Online Access:Acceso restringido

MARC

LEADER 00000ny a22000003n 4500
005 2011051608498.0
008 860613c19799999it tx p s 0 0ita d
035 |a 5184 
040 |a MnMULS  |d vLex 
090 |c 1954  |d 1954 
130 0 |a Economia italiana (Roma, Italia) 
245 3 0 |a Economia italiana  |h [Recurso electrn̤ico] 
256 |a Servicio en ln̕ea 
260 |a Roma :  |b Banco di Roma, 
310 |a Three no. a year 
506 1 |a Contenido solo disponible en los productos indicados  |d vLex Global  |d vLex Global (Academic Edition, excluding Law Schools)  |d vLex Global (U.S. Academic Edition, excluding Law Schools) 
650 0 4 |a Economa̕  |z Italia 
710 2 |a Banco di Roma 
740 |a vLex Revista (Servicios en ln̕ea) 
843 |a Electrn̤ica. Abierta 
853 |8 1  |i (year)  |j (month)  |k (day) 
856 4 0 |z Acceso restringido  |u http://vlex.com/account/login_ip?fuente_id=5184 
942 |c REV